[Event "45th Sparkassen Open"]
[Site "Dortmund GER"]
[Date "2017.07.15"]
[Round "1.26"]
[White "Kagan, Dennis"]
[Black "Tueckmantel, Rene"]
[Result "1/2-1/2"]
[WhiteElo "1902"]
[BlackElo "2130"]
[WhiteFideId "12983578"]
[BlackFideId "24618012"]
[EventDate "2017.07.15"]

1. Nf3 c5 2. c4 Nf6 3. Nc3 Nc6 4. d4 cxd4 5. Nxd4 g6 6. Nxc6 bxc6 7. g3 Bg7 8.
Bg2 O-O 9. O-O Rb8 10. Qa4 a5 11. Qc2 Qc7 12. b3 d5 13. Bb2 Bf5 14. Qc1 dxc4 15.
bxc4 Rb4 16. Nd1 Rfb8 17. Bc3 Rxc4 18. Bxa5 Rxc1 19. Bxc7 Rxa1 20. Bxb8 Rxa2 21.
Bxc6 Rxe2 22. Bf3 Rd2 23. Ne3 Be4 24. Kg2 Bh6 25. Bxe4 Bxe3 26. Bf3 Nd7 27. Bc7
Bd4 28. Bf4 Rb2 29. g4 e5 30. Bg3 Nc5 31. Rd1 f6 32. Bd5+ Kg7 33. Ra1 Nd3 34.
Ra2 Rb6 35. Ra7+ Kf8 36. Rf7+ Ke8 37. Rxh7 g5 38. Rb7 Rd6 39. Be4 Nc5 40. Bg6+
Kd8 41. Rb1 Ra6 42. Rc1 Ra2 43. Rc2 Ra1 44. h4 1/2-1/2

[Event "45th Sparkassen Open"]
[Site "Dortmund GER"]
[Date "2017.07.15"]
[Round "1.27"]
[White "Ambartsumjan, Evgeny"]
[Black "Biermann, Lenhard"]
[Result "1-0"]
[WhiteElo "2122"]
[BlackElo "1902"]
[WhiteFideId "34140643"]
[BlackFideId "12970077"]
[EventDate "2017.07.15"]

1. e4 e6 2. d4 d5 3. Nd2 Nf6 4. e5 Nfd7 5. Bd3 c5 6. c3 Nc6 7. Ne2 cxd4 8. cxd4
f6 9. exf6 Nxf6 10. Nf3 Bd6 11. O-O Qc7 12. Nc3 a6 13. Bg5 O-O 14. Rc1 h6 15.
Bh4 g5 16. Bg3 Bxg3 17. hxg3 Qg7 18. Bb1 Nh5 19. Qd3 Rf5 20. Qe2 Rf7 21. Rcd1
Bd7 22. Na4 Rc8 23. Nb6 Re8 24. a3 Kh8 25. Rd2 Qf6 26. Re1 Rfe7 27. Qd3 Rg8 28.
Rde2 Nxd4 29. Nxd4 Rf8 30. f3 1-0

[Event "45th Sparkassen Open"]
[Site "Dortmund GER"]
[Date "2017.07.15"]
[Round "1.28"]
[White "Elefteriadis, Paul-Gabriel"]
[Black "Ciornei, Dragos"]
[Result "0-1"]
[WhiteElo "1891"]
[BlackElo "2118"]
[WhiteFideId "24626236"]
[BlackFideId "4619200"]
[EventDate "2017.07.15"]

1. Nf3 Nf6 2. d4 g6 3. c4 Bg7 4. Nc3 d6 5. e4 O-O 6. Be2 Nbd7 7. O-O e5 8. Be3
exd4 9. Nxd4 Re8 10. f3 c6 11. Qd2 Nb6 12. Rad1 d5 13. cxd5 cxd5 14. Nb3 Be6 15.
Nc5 dxe4 16. Qxd8 Rexd8 17. Rxd8+ Rxd8 18. Nxe6 fxe6 19. fxe4 Nfd7 20. Rd1 Rc8
21. Bg4 Nf8 22. Bd4 Nc4 23. Bxg7 Kxg7 24. Nd5 Rc6 25. b3 Ne5 26. Ne3 Rc3 27. Kf2
Nd3+ 28. Ke2 Nf4+ 29. Kf2 Nd3+ 30. Ke2 Nc1+ 31. Kd2 Rd3+ 32. Kxc1 Rxe3 33. Bf3
Rc3+ 34. Kd2 Rc7 35. Ke3 Kf6 36. Rd4 Nd7 37. Kd2 b6 38. b4 Ke5 39. Rd3 Nf6 40.
Ke3 Rc4 41. a3 h5 42. g3 g5 43. h3 g4 44. hxg4 hxg4 45. Bg2 Rc2 46. Bh1 Rh2 47.
Rd1 Nh5 48. Rg1 Ra2 0-1

[Event "45th Sparkassen Open"]
[Site "Dortmund GER"]
[Date "2017.07.15"]
[Round "1.29"]
[White "Buechle, Manfred"]
[Black "Runte, Moritz"]
[Result "0-1"]
[WhiteElo "2118"]
[BlackElo "1862"]
[WhiteFideId "4659368"]
[BlackFideId "12991449"]
[EventDate "2017.07.15"]

1. e4 e5 2. d4 exd4 3. Bc4 Nf6 4. Qxd4 Nc6 5. Qe3 d6 6. h3 Be7 7. f4 d5 8. exd5
Nxd5 9. Bxd5 Qxd5 10. Qf3 Bh4+ 11. Kf1 Qe6 12. Qe2 Nd4 13. Qxe6+ Bxe6 14. Na3
Nf5 15. Ne2 O-O-O 16. g4 Bd5 17. Rg1 Bf3 18. Nc3 Rhe8 19. Bd2 Rxd2 0-1

[Event "45th Sparkassen Open"]
[Site "Dortmund GER"]
[Date "2017.07.15"]
[Round "1.30"]
[White "Wastian, Jan"]
[Black "Heller, Achim"]
[Result "0-1"]
[WhiteElo "1878"]
[BlackElo "2118"]
[WhiteFideId "12911640"]
[BlackFideId "12901300"]
[EventDate "2017.07.15"]

1. e4 c6 2. d4 d5 3. exd5 cxd5 4. c4 Nf6 5. Nc3 Nc6 6. Bg5 e6 7. Nf3 Be7 8. Bd3
dxc4 9. Bxc4 O-O 10. O-O b6 11. a3 Bb7 12. Qd3 Nd5 13. Bxd5 Bxg5 14. Be4 f5 15.
Nxg5 Qxg5 16. Bf3 Qf6 17. Qe3 Rab8 18. Rad1 Rfd8 19. Bxc6 Bxc6 20. Rfe1 Rd6 21.
d5 exd5 22. Qe7 Qxe7 23. Rxe7 d4 24. Rxa7 Re8 25. Na2 d3 26. f3 d2 27. Kf2 Bb5
28. Nc3 Bc4 29. Nb1 Re2+ 0-1

[Event "45th Sparkassen Open"]
[Site "Dortmund GER"]
[Date "2017.07.15"]
[Round "1.31"]
[White "Gramb, Marius"]
[Black "Nasoyan, Maksim"]
[Result "1-0"]
[WhiteElo "2110"]
[BlackElo "1860"]
[WhiteFideId "24656593"]
[BlackFideId "16220331"]
[EventDate "2017.07.15"]

1. d4 Nf6 2. c4 c5 3. d5 b5 4. Qc2 bxc4 5. e4 d6 6. Bxc4 g6 7. Nf3 Bg7 8. O-O
O-O 9. Re1 Ba6 10. Nbd2 Qc8 11. Rb1 Nbd7 12. b3 Ng4 13. Bb2 Nge5 14. Nxe5 Nxe5
15. f4 Nxc4 16. Nxc4 Bxc4 17. bxc4 Qg4 18. Bxg7 Kxg7 19. Qf2 Rab8 20. Rb2 Rxb2
21. Qxb2+ Kg8 22. Rf1 Qd7 23. Rb1 Qa4 24. Qb3 Qa5 25. Qc2 Ra8 26. h3 Qc7 27. Qb2
Qb6 28. Qc2 Qc7 29. Qb2 Qb6 30. e5 Rb8 31. Qxb6 Rxb6 32. Rxb6 axb6 33. Kf2 Kg7
34. Ke3 g5 35. g4 gxf4+ 36. Kxf4 Kg6 37. exd6 exd6 38. a4 h6 39. h4 h5 40. gxh5+
Kxh5 41. Kf5 Kxh4 42. Kf6 Kg4 43. Kxf7 Kf5 44. Ke7 Ke5 45. Kd7 Kd4 46. Kxd6 Kxc4
47. Kc6 Kb4 48. d6 Kxa4 49. d7 c4 50. d8=Q Kb3 51. Qd2 c3 52. Qc1 b5 53. Kxb5 c2
54. Kc6 1-0

[Event "45th Sparkassen Open"]
[Site "Dortmund GER"]
[Date "2017.07.15"]
[Round "1.32"]
[White "Bork, Sophie"]
[Black "Guelsen, Taylan"]
[Result "0-1"]
[WhiteElo "1858"]
[BlackElo "2095"]
[WhiteFideId "12905429"]
[BlackFideId "24603635"]
[EventDate "2017.07.15"]

1. e4 e6 2. d4 d5 3. Nd2 c5 4. exd5 Qxd5 5. dxc5 Bxc5 6. Ngf3 Nf6 7. Bc4 Qh5 8.
O-O O-O 9. Nb3 Bb6 10. Qe2 Nc6 11. Bg5 e5 12. Be3 e4 13. Nfd2 Bg4 14. Qe1 Bc7
15. h3 Bxh3 16. gxh3 Qxh3 0-1

[Event "45th Sparkassen Open"]
[Site "Dortmund GER"]
[Date "2017.07.15"]
[Round "1.33"]
[White "Koellner, Ruben Gideon"]
[Black "Fuhlrott, Tim"]
[Result "1-0"]
[WhiteElo "2078"]
[BlackElo "1856"]
[WhiteFideId "12993093"]
[BlackFideId "16222431"]
[EventDate "2017.07.15"]

1. d4 d5 2. Bf4 c5 3. e3 Nf6 4. c3 e6 5. Nf3 Nc6 6. Nbd2 Nh5 7. Bg3 Nxg3 8. hxg3
Bd6 9. Bd3 h6 10. Qe2 b6 11. e4 cxd4 12. exd5 dxc3 13. bxc3 Ne7 14. Bb5+ Kf8 15.
dxe6 Bxe6 16. Ne4 Nd5 17. Rd1 Qc7 18. O-O Be7 19. Nd4 Nxc3 20. Nxe6+ fxe6 21.
Qf3+ 1-0

[Event "45th Sparkassen Open"]
[Site "Dortmund GER"]
[Date "2017.07.15"]
[Round "1.34"]
[White "Dannehr, Juergen"]
[Black "Althoff, Ralph"]
[Result "1-0"]
[WhiteElo "1845"]
[BlackElo "2071"]
[WhiteFideId "16211758"]
[BlackFideId "4623177"]
[EventDate "2017.07.15"]

1. d4 d5 2. c4 e6 3. Nc3 Nf6 4. Bg5 Nbd7 5. e3 Be7 6. Nf3 O-O 7. Rc1 a6 8. a4 c6
9. Qc2 Re8 10. Bd3 dxc4 11. Bxc4 b5 12. Bd3 Bb7 13. O-O Rc8 14. Qe2 Nb6 15. e4
b4 16. Nb1 c5 17. dxc5 Nxa4 18. Rfd1 Qa5 19. e5 Nd5 20. Bxe7 Nxe7 21. Ng5 g6 22.
Be4 Bxe4 23. Nxe4 Red8 24. Rd6 Nxc5 25. Rxd8+ Qxd8 26. Rxc5 Rxc5 27. Nxc5 Qb6
28. Nd3 Nc6 29. Nd2 Qa5 30. h3 Qd8 31. Qe4 a5 32. Nc4 Nd4 33. Nd6 Qb6 34. Qb7
Qd8 35. Qxf7+ Kh8 36. Qe8+ Qxe8 37. Nxe8 Nc2 38. Nc7 a4 39. Na6 a3 40. bxa3 bxa3
41. Nab4 Nd4 42. Kf1 Kg7 43. Ke1 g5 44. Kd2 Kg6 45. Kc3 Ne2+ 46. Kb3 Kf5 47. f3
h5 48. Nc6 g4 49. h4 Kg6 50. Kxa3 Nc3 51. Nd4 Kf7 52. Nf4 Nd1 53. Nxh5 Ne3 54.
fxg4 Nc4+ 55. Kb3 Nxe5 56. g5 Ng6 57. g3 e5 58. Nf5 Ke6 59. Ne3 Ne7 60. Nf6 Nc6
61. Ne4 Nd4+ 62. Kc4 Ne2 63. Kd3 Nd4 64. g6 Nc6 65. h5 Ne7 66. g4 1-0

[Event "45th Sparkassen Open"]
[Site "Dortmund GER"]
[Date "2017.07.15"]
[Round "1.36"]
[White "Seref, Erdogan"]
[Black "Happe, Ulrich"]
[Result "0-1"]
[WhiteElo "1835"]
[BlackElo "2064"]
[WhiteFideId "16206827"]
[BlackFideId "24683175"]
[EventDate "2017.07.15"]

1. e4 c5 2. Nf3 e6 3. c3 d5 4. e5 Qb6 5. d4 Bd7 6. a3 Bb5 7. b4 cxb4 8. cxb4
Bxf1 9. Kxf1 Nd7 10. Nbd2 Ne7 11. Nb3 Nc6 12. Bd2 Rc8 13. Rc1 Be7 14. h4 O-O 15.
Rh3 f6 16. exf6 Bxf6 17. Be3 Qa6+ 18. Kg1 Qxa3 19. b5 Ne7 20. Ra1 Qb4 21. Ng5
Bxg5 22. hxg5 g6 23. Qg4 Nf5 24. Bd2 Qxb5 25. Rxa7 Qb6 26. Ra4 Rc4 27. Ra2 e5
28. Qf3 e4 29. Qd1 Nb8 30. Be3 Rb4 31. Bd2 Rb5 32. Ra5 Nc6 33. Rxb5 Qxb5 34. Be3
Qa4 35. Qc2 Ra8 36. Rh1 Qc4 37. Qxc4 dxc4 38. Nd2 Ra1+ 39. Kh2 Rxh1+ 40. Kxh1 c3
41. Nb3 c2 42. Kg1 Nfxd4 0-1

[Event "45th Sparkassen Open"]
[Site "Dortmund GER"]
[Date "2017.07.15"]
[Round "1.37"]
[White "Sandten, Ulrich"]
[Black "Kartsev, Nikolaj"]
[Result "1/2-1/2"]
[WhiteElo "2064"]
[BlackElo "1827"]
[WhiteFideId "4644930"]
[BlackFideId "12939536"]
[EventDate "2017.07.15"]

1. e4 c5 2. d3 Nc6 3. Be2 Nf6 4. f4 e5 5. Nf3 d6 6. O-O Qb6 7. Kh1 Be7 8. Na3
Bg4 9. c3 Rd8 10. Nc4 Qc7 11. Qe1 Be6 12. fxe5 dxe5 13. Nfxe5 Nxe5 14. Nxe5 O-O
15. Nf3 c4 16. Nd4 Bd6 17. Nxe6 fxe6 18. d4 Nxe4 19. Bf3 Nf6 20. Qxe6+ Rf7 21.
Bg5 Re8 22. Qh3 Ref8 23. Rae1 b5 24. Qh4 h6 25. Bd2 Kh8 26. Re6 Qd7 27. Rfe1 Re7
28. d5 Nxd5 29. Rxe7 Bxe7 30. Qe4 Bf6 31. Qxd5 Qxd5 32. Bxd5 Rd8 33. Bxh6 Rxd5
34. Bf4 a5 35. g3 b4 36. cxb4 axb4 37. Rc1 c3 38. bxc3 bxc3 39. Kg2 Ra5 40. Rc2
Rb5 41. Bc1 Kh7 42. a4 Rb4 43. Ra2 Rb2+ 44. Bxb2 cxb2 45. Rxb2 Bxb2 46. Kf3 Bd4
47. a5 Kg6 48. Kg4 Kf6 49. a6 Ke5 50. Kg5 Ke6 51. Kg6 Kd5 52. a7 Bxa7 53. Kxg7
Ke4 54. Kf6 Kf3 55. Ke5 Bb8+ 56. Kf5 Bxg3 57. hxg3 Kxg3 1/2-1/2

[Event "45th Sparkassen Open"]
[Site "Dortmund GER"]
[Date "2017.07.15"]
[Round "1.38"]
[White "Delere, Adrian"]
[Black "Wuebker, Paul-Luca"]
[Result "0-1"]
[WhiteElo "1805"]
[BlackElo "2042"]
[WhiteFideId "12990400"]
[BlackFideId "12939528"]
[EventDate "2017.07.15"]

1. e4 c5 2. Nf3 d6 3. d4 cxd4 4. Nxd4 Nf6 5. Nc3 g6 6. f3 Bg7 7. Be3 O-O 8. Qd2
Nc6 9. O-O-O d5 10. Qe1 e5 11. Nxc6 bxc6 12. Bc5 Re8 13. exd5 Nxd5 14. Ne4 f5
15. Nd6 Qg5+ 16. Kb1 Rd8 17. Qd2 Qxd2 18. Rxd2 Bf8 19. c4 Bxd6 20. Bxd6 Rxd6 21.
cxd5 cxd5 22. Bc4 Be6 23. Re1 Rad8 24. Bb3 e4 25. fxe4 fxe4 26. Bc2 Kg7 27. Red1
Bf5 28. Rd4 Kf6 29. h3 h5 30. b4 Ke5 31. b5 Rb8 32. a4 a6 33. Rb4 axb5 34. axb5
Bd7 35. Ba4 Bxb5 36. Bc2 Rdb6 0-1

[Event "45th Sparkassen Open"]
[Site "Dortmund GER"]
[Date "2017.07.15"]
[Round "1.39"]
[White "Sondermann, Dirk"]
[Black "Jacobi, Niklas"]
[Result "1/2-1/2"]
[WhiteElo "2041"]
[BlackElo "1933"]
[WhiteFideId "4658116"]
[BlackFideId "16244079"]
[EventDate "2017.07.15"]

1. d4 Nf6 2. Nf3 e6 3. c4 d5 4. Nc3 Nbd7 5. Bf4 dxc4 6. e3 Bb4 7. Bxc4 Nb6 8.
Qb3 Nfd5 9. O-O Bxc3 10. bxc3 Nxf4 11. exf4 Nxc4 12. Qxc4 Qd6 13. Qb5+ Qd7 14.
Qxd7+ Bxd7 15. Ne5 Rd8 16. Rfe1 O-O 17. Nxd7 Rxd7 18. Re5 Rfd8 19. Rae1 Rd5 20.
f5 Rxe5 21. Rxe5 Rd5 22. fxe6 fxe6 23. Rxe6 Kf7 24. Re5 Rxe5 25. dxe5 g5 26. h4
h6 27. g3 g4 28. f4 gxf3 29. Kf2 Ke6 30. Kxf3 Kxe5 31. g4 b5 32. Ke3 c5 33. g5
hxg5 34. hxg5 Kf5 35. g6 Kxg6 36. Ke4 a5 37. Kd5 c4 38. Kc5 b4 39. Kxc4 bxc3 1/2-1/2

[Event "45th Sparkassen Open"]
[Site "Dortmund GER"]
[Date "2017.07.15"]
[Round "1.40"]
[White "Koellner, Christof"]
[Black "Hiller, Simon"]
[Result "1/2-1/2"]
[WhiteElo "2131"]
[BlackElo "2165"]
[WhiteFideId "4635787"]
[BlackFideId "24641308"]
[EventDate "2017.07.15"]

1. d4 Nf6 2. Bg5 d5 3. e3 c5 4. Bxf6 gxf6 5. Nc3 e6 6. Qh5 cxd4 7. exd4 Bb4 8.
Bb5+ Bd7 9. Bxd7+ Nxd7 10. Ne2 f5 11. Qh6 Qf6 12. Qe3 Nb6 13. a3 Be7 14. b3 Rc8
15. O-O O-O 16. Qd3 Kh8 17. Kh1 1/2-1/2

[Event "45th Sparkassen Open"]
[Site "Dortmund GER"]
[Date "2017.07.16"]
[Round "2.1"]
[White "Hausrath, Daniel"]
[Black "Boehm, Juergen2"]
[Result "1-0"]
[WhiteTitle "GM"]
[WhiteElo "2482"]
[BlackElo "2217"]
[WhiteFideId "4617495"]
[BlackFideId "4606434"]
[EventDate "2017.07.15"]

1. Nf3 d5 2. g3 Nf6 3. Bg2 Bf5 4. c4 e6 5. d3 c6 6. Qb3 Qb6 7. Be3 Qxb3 8. axb3
a6 9. Nc3 h6 10. Nd4 Bh7 11. cxd5 Nxd5 12. Bxd5 exd5 13. Nc2 Nd7 14. b4 O-O-O
15. Kd2 Bd6 16. Rhc1 Bc7 17. Bd4 f6 18. b5 axb5 19. Nb4 Nf8 20. Nxb5 Ne6 21.
Nxc6 bxc6 22. Rxc6 Nxd4 23. Rxc7+ Kb8 24. Raa7 Nxb5 25. Rab7+ Ka8 26. Rxb5 Bf5
27. Rxg7 Bc8 28. Rb6 f5 29. Rc7 h5 30. Rc5 Ka7 31. Rb4 Rh6 32. Rc7+ Ka8 33. h4
d4 34. Rc1 Ka7 35. Rb5 Ka6 36. Rb8 Rb6 37. Rbxc8 Rxc8 38. Rxc8 Rxb2+ 39. Rc2 1-0

[Event "45th Sparkassen Open"]
[Site "Dortmund GER"]
[Date "2017.07.16"]
[Round "2.2"]
[White "Heinert, Eugen"]
[Black "Nalbandian, Tigran"]
[Result "0-1"]
[BlackTitle "GM"]
[WhiteElo "2168"]
[BlackElo "2458"]
[WhiteFideId "24621390"]
[BlackFideId "13300245"]
[EventDate "2017.07.15"]

1. d4 Nf6 2. c4 g6 3. Nf3 Bg7 4. g3 O-O 5. Bg2 d6 6. Nc3 c6 7. O-O Bf5 8. Qb3
Qb6 9. Qxb6 axb6 10. Nh4 Be6 11. b3 d5 12. cxd5 Nxd5 13. Nxd5 cxd5 14. Bb2 Rc8
15. e3 Na6 16. Rfc1 Rxc1+ 17. Bxc1 Nc5 18. Bb2 Nd3 19. Bc3 Rc8 20. Be1 Rc2 21.
Bf3 Nxe1 22. Rxe1 g5 23. Bd1 Rxa2 24. Nf3 Bf6 25. Kg2 Bf5 26. Ng1 Ra1 27. Kf1
Rb1 28. f3 e6 29. g4 Bg6 30. Kf2 Be7 31. Ne2 Bb4 32. Rg1 Bd3 33. Ng3 Rb2+ 34.
Ne2 Bd2 35. Ng3 b5 36. Be2 Bxe2 37. Kxe2 Ba5+ 38. Kf1 Rxb3 39. Kf2 Bd2 40. Ra1
Bxe3+ 41. Ke2 Kf8 42. Ra8+ Ke7 43. Rb8 Bxd4 44. Rxb7+ Kd6 45. Rxf7 b4 46. Rxh7
Re3+ 0-1

[Event "45th Sparkassen Open"]
[Site "Dortmund GER"]
[Date "2017.07.16"]
[Round "2.3"]
[White "Kashlinskaya, Alina"]
[Black "Gijsen, Stief"]
[Result "1-0"]
[WhiteTitle "IM"]
[WhiteElo "2438"]
[BlackElo "2194"]
[WhiteFideId "4198026"]
[BlackFideId "207535"]
[EventDate "2017.07.15"]

1. d4 Nf6 2. c4 g6 3. Nc3 d5 4. Bf4 Bg7 5. e3 c5 6. dxc5 Qa5 7. Rc1 dxc4 8. Bxc4
O-O 9. Ne2 Qxc5 10. Qb3 Nc6 11. Nb5 Qh5 12. Ng3 Qh4 13. Nc7 e5 14. Bxe5 Nxe5 15.
Nxa8 Bd7 16. Nc7 Bc6 17. Nd5 Nxd5 18. Bxd5 Bxd5 19. Qxd5 Qb4+ 20. Kf1 Qxb2 21.
Ne2 Qb6 22. Nd4 Rd8 23. Qb3 Qa6+ 24. Kg1 Nc6 25. Nxc6 bxc6 26. g3 Qe2 27. Kg2
Rd2 28. Rhf1 Rb2 29. Qc4 Qxe3 30. Rce1 Rxf2+ 31. Rxf2 Qxe1 32. Qxf7+ Kh8 33.
Qxa7 Qe4+ 34. Rf3 h5 35. Qe3 Qd5 36. Qb3 Qe4 37. Qd3 Qe6 38. Rf2 c5 39. Re2 Qc6+
40. Qe4 Qa6 41. g4 Qf6 42. gxh5 Qg5+ 43. Kh3 gxh5 44. a4 c4 45. Qxc4 Qf5+ 46.
Kg3 Qg6+ 47. Kf2 Qf5+ 48. Kg2 Qb1 49. Rf2 Qb7+ 50. Rf3 Qb2+ 51. Kh3 Qb7 52. Qf7
Qc8+ 53. Qf5 Qe8 54. a5 1-0

[Event "45th Sparkassen Open"]
[Site "Dortmund GER"]
[Date "2017.07.16"]
[Round "2.4"]
[White "Van Cappellen, Jonas"]
[Black "Jugelt, Tobias"]
[Result "1/2-1/2"]
[BlackTitle "IM"]
[WhiteElo "2141"]
[BlackElo "2431"]
[WhiteFideId "263796"]
[BlackFideId "4626150"]
[EventDate "2017.07.15"]

1. d4 d5 2. c4 e6 3. Nc3 f5 4. Nf3 c6 5. Bf4 Nf6 6. e3 Be7 7. Bd3 O-O 8. Qc2 Ne4
9. h3 Nd7 10. O-O Qe8 11. Ne2 Ndf6 12. Rab1 Qh5 13. Ne5 g5 14. Bh2 Nd6 15. cxd5
Nxd5 16. a3 Nf7 17. e4 Nxe5 18. Bxe5 Nb6 19. a4 Nd7 20. exf5 Nxe5 21. dxe5 exf5
22. Nd4 g4 23. hxg4 fxg4 24. Rbe1 c5 25. Nb5 Bd7 26. Nd6 Kh8 27. Qxc5 Bc6 28.
Be4 g3 29. fxg3 Rxf1+ 30. Kxf1 Rd8 31. Bxc6 Bxd6 32. Qc3 Be7 33. Bxb7 Qg4 34.
Bf3 Qxg3 35. e6+ Kg8 36. Re4 Rf8 37. Kg1 h5 38. b4 Rf5 39. Rc4 Re5 40. Rc8+ Kg7
41. Bxh5 Qxc3 42. Rxc3 Rxh5 43. Rc7 Kf6 44. Rxa7 Bxb4 45. Rb7 Bc5+ 46. Kf1 Rh4
47. Rb5 Bd6 48. a5 Kxe6 49. Ke2 Rg4 50. Kf3 Rg3+ 51. Kf2 Ra3 52. Ke2 Bc7 53. Kf2
Bxa5 54. Rh5 Bb6+ 55. Ke2 Bd4 56. Rh6+ Kf5 57. Rh5+ Kg4 58. Rd5 Ra2+ 59. Kd3 Bf6
60. Rd6 Bg5 61. Ke4 Rxg2 62. Rd1 Re2+ 63. Kd5 Bf4 64. Rg1+ Kf5 65. Rg8 Rd2+ 66.
Kc5 Ke4 67. Rh8 Rc2+ 68. Kb5 Kd5 69. Rh5+ Be5 70. Ka6 Rb2 71. Rg5 Kd6 72. Ka5
Rb8 73. Ka4 Kd5 74. Rh5 Kd4 75. Ka5 Bd6 76. Ka6 Kc4 77. Ka7 Rb1 78. Ka6 Bc5 79.
Rh4+ Bd4 80. Rh6 Rb8 81. Rg6 Ra8+ 82. Kb7 Ra7+ 83. Kc8 Rh7 84. Kd8 Kd5 85. Rg2 1/2-1/2

[Event "45th Sparkassen Open"]
[Site "Dortmund GER"]
[Date "2017.07.16"]
[Round "2.5"]
[White "Podzielny, Karl-Heinz"]
[Black "Meiser, Markus"]
[Result "1-0"]
[WhiteTitle "IM"]
[WhiteElo "2395"]
[BlackElo "2145"]
[WhiteFideId "4600215"]
[BlackFideId "4617827"]
[EventDate "2017.07.15"]

1. d4 Nf6 2. Nf3 g6 3. c4 Bg7 4. Nc3 d5 5. cxd5 Nxd5 6. h4 h5 7. Qb3 Nxc3 8.
bxc3 O-O 9. Ng5 Nc6 10. e3 Na5 11. Qa3 b6 12. Be2 Qd6 13. Qa4 Bd7 14. Qc2 c5 15.
Ba3 Bg4 16. Bd3 Qd7 17. f3 cxd4 18. fxg4 Rac8 19. c4 Qxg4 20. O-O dxe3 21. Bxg6
fxg6 22. Qxg6 Rf2 23. Qh7+ Kf8 24. Bxe7+ Kxe7 25. Qxg7+ Ke8 26. Rxf2 exf2+ 27.
Kxf2 Rxc4 28. Qe5+ Kd7 29. Qd5+ Kc8 30. Rd1 Rc2+ 31. Kf1 Nc6 32. Re1 Qc4+ 33.
Qxc4 Rxc4 34. Re8+ Kb7 35. Nf3 Rc1+ 36. Kf2 Rc2+ 37. Kg3 Rxa2 38. Rh8 b5 39.
Rxh5 b4 40. Rd5 a5 41. h5 Re2 42. Rd7+ Kc8 43. Rd6 Ne7 44. Ra6 Ra2 45. Nd4 b3
46. h6 1-0

[Event "45th Sparkassen Open"]
[Site "Dortmund GER"]
[Date "2017.07.16"]
[Round "2.6"]
[White "Schleining, Zoya"]
[Black "Ambartsumjan, Evgeny"]
[Result "1-0"]
[WhiteTitle "IM"]
[WhiteElo "2369"]
[BlackElo "2122"]
[WhiteFideId "4671660"]
[BlackFideId "34140643"]
[EventDate "2017.07.15"]

1. Nf3 Nf6 2. g3 g6 3. Bg2 Bg7 4. O-O O-O 5. b3 d6 6. Bb2 Nc6 7. c4 e5 8. Nc3
Bg4 9. h3 Bxf3 10. Bxf3 Qd7 11. Bg2 Rae8 12. d3 Nh5 13. e3 f5 14. Kh2 Nf6 15.
Qd2 h6 16. Rae1 Kh7 17. f4 exf4 18. gxf4 Re7 19. Ne2 Rfe8 20. Ng3 h5 21. Bf3 Nd8
22. Rg1 c6 23. Qg2 Ng4+ 24. hxg4 hxg4 25. Ne4 Bxb2 26. Qxb2 fxe4 27. Bxg4 Qc7
28. Rg3 Kg8 29. dxe4 Rh7+ 30. Bh3 Kf7 31. Reg1 Reh8 32. Kg2 Qe7 33. Qd4 Ne6 34.
Bxe6+ Qxe6 35. Kf3 Rh3 36. Rg2 Rxg3+ 37. Rxg3 Rh3 38. Kg2 Rh7 39. Kf3 a6 40. c5
dxc5 41. Qxc5 Ke8 42. Qc4 Qxc4 43. bxc4 Kf7 44. e5 Rh1 45. Ke4 Rh2 46. a3 Rc2
47. Kd4 b5 48. e6+ Kf6 49. cxb5 axb5 50. e7 Rc4+ 51. Kd3 Kxe7 52. Rxg6 Kd7 53.
Rg7+ Kd6 54. Ra7 Rc1 55. Ke4 Ke6 56. Ra6 Rc4+ 57. Kd3 Kd5 58. Ra8 Ke6 59. e4 Rc1
60. f5+ Kf6 61. Re8 c5 62. Re6+ Kf7 63. Rb6 c4+ 64. Kd4 Rd1+ 65. Ke5 c3 66. Rb7+
Ke8 67. Rc7 Rd3 68. Ke6 Kd8 69. Rc5 c2 70. Rxc2 Rxa3 71. e5 Ra6+ 72. Kf7 Ra7+
73. Kf6 b4 74. Rb2 Rb7 75. Rb3 Ke8 76. e6 Kf8 77. Rh3 Kg8 78. Rg3+ Kf8 79. Rd3
Rb8 80. Rh3 Kg8 81. Kg6 Rb6 82. Rd3 Kf8 83. Kf6 Rb8 84. Rh3 Kg8 85. Rg3+ Kh7 86.
e7 b3 87. Rxb3 Rf8+ 88. exf8=N+ 1-0

[Event "45th Sparkassen Open"]
[Site "Dortmund GER"]
[Date "2017.07.16"]
[Round "2.7"]
[White "Heller, Achim"]
[Black "Heider, Martin"]
[Result "0-1"]
[WhiteElo "2118"]
[BlackElo "2356"]
[WhiteFideId "12901300"]
[BlackFideId "24668389"]
[EventDate "2017.07.15"]

1. d4 Nf6 2. c4 c5 3. d5 e6 4. Nc3 exd5 5. cxd5 d6 6. Nf3 g6 7. Bf4 a6 8. Nd2 b5
9. a4 Nh5 10. Be3 f5 11. g4 f4 12. gxh5 fxe3 13. Nf3 Bh6 14. h4 O-O 15. Ne4 Bf5
16. Neg5 Qa5+ 17. Nd2 exf2+ 0-1

[Event "45th Sparkassen Open"]
[Site "Dortmund GER"]
[Date "2017.07.16"]
[Round "2.8"]
[White "Osipiak, Grzegorz"]
[Black "Gramb, Marius"]
[Result "1-0"]
[WhiteElo "2338"]
[BlackElo "2110"]
[WhiteFideId "1109154"]
[BlackFideId "24656593"]
[EventDate "2017.07.15"]

1. c4 c5 2. Nf3 Nc6 3. d4 cxd4 4. Nxd4 Nf6 5. Nc3 g6 6. g3 d6 7. Bg2 Bd7 8. Nf3
Bg7 9. Bd2 O-O 10. O-O a6 11. h3 Rb8 12. Rc1 Be6 13. b3 h6 14. e4 Qd7 15. Kh2
Kh7 16. Qe2 Rfc8 17. Rfd1 Qe8 18. Bf4 Nd7 19. Ne1 Qh8 20. Nd5 Qe8 21. Be3 b5 22.
Nf4 Nf8 23. cxb5 axb5 24. Nxe6 Nxe6 25. f4 b4 26. Qf2 Bc3 27. h4 Ned8 28. Bh3
Rc7 29. h5 Rcb7 30. Nf3 Rb5 31. hxg6+ fxg6 32. Bf1 Ra5 33. Kg2 Rba8 34. a4 Rc8
35. Bb5 Qf8 36. Rh1 Kg7 37. Rh2 e6 38. Rch1 Nf7 39. f5 exf5 40. Rxh6 Ne7 41.
Rh7+ Kf6 42. Bd4+ Ne5 43. Bxe5+ Bxe5 44. Nxe5 dxe5 45. Rh8 Ng8 46. Qb6+ Kg5 47.
Qxa5 Rc2+ 48. Kh3 fxe4 49. Bd7 Qe7 50. Qa7 Rc3 51. Rd1 Nf6 52. Rh4 e3 53. Re1
Nxd7 54. Rg4+ Kh5 55. Rxe3 Qe6 56. Rxe5+ Qxe5 57. Qxd7 Rc7 58. Qd8 Re7 59. Qg8
Qf6 60. Rh4+ Kg5 61. Qd5+ Qf5+ 62. Qxf5+ gxf5 63. Rxb4 Re2 64. Rb6 Ra2 65. Rb5
Ra3 66. a5 Ra2 67. b4 Ra3 68. Rc5 Ra2 69. Rc8 Ra4 70. Rg8+ Kf6 71. Rb8 Kg5 72.
Rb6 Ra3 73. a6 f4 74. Rb5+ Kf6 75. Ra5 Rxg3+ 76. Kh2 Rg8 77. a7 Ra8 78. b5 1-0

[Event "45th Sparkassen Open"]
[Site "Dortmund GER"]
[Date "2017.07.16"]
[Round "2.9"]
[White "Guelsen, Taylan"]
[Black "Wagner, Alexej"]
[Result "1-0"]
[WhiteElo "2095"]
[BlackElo "2277"]
[WhiteFideId "24603635"]
[BlackFideId "4129555"]
[EventDate "2017.07.15"]

1. d4 d5 2. Bf4 Nf6 3. e3 c5 4. c3 Nc6 5. Nd2 e6 6. Ngf3 Bd6 7. Bg3 O-O 8. Bd3
b6 9. Ne5 Bb7 10. f4 g6 11. Bh4 Be7 12. Qe2 Rc8 13. O-O Ne8 14. Bxe7 Qxe7 15.
Rf3 f6 16. Nxg6 hxg6 17. Bxg6 Ng7 18. Rh3 Rc7 19. Qg4 f5 20. Bh7+ Kh8 21. Bxf5+
Kg8 22. Bh7+ Kh8 23. Nf3 e5 24. Ng5 Bc8 25. f5 Ne8 26. Nf7+ Qxf7 27. Bg8+ Qh7
28. Bxh7 1-0